|
|
|
|
| LEADER |
00000nam0a2200000 4500 |
| 001 |
33034 |
| 005 |
20231030205801.0 |
| 035 |
|
|
|a (RuTPU)RU\TPU\book\33351
|
| 035 |
|
|
|a BOOK00000002
|
| 090 |
|
|
|a 33034
|
| 100 |
|
|
|a 20011210d1976 m y0rusy50 ca
|
| 101 |
0 |
|
|a rus
|
| 102 |
|
|
|a RU
|
| 105 |
|
|
|a a j 000zy
|
| 200 |
1 |
|
|a Механика и теория относительности
|e учебное пособие для вузов
|f А. Н. Матвеев
|
| 210 |
|
|
|a Москва
|c Высшая школа
|d 1976
|
| 215 |
|
|
|a 416 с.
|c ил.
|
| 610 |
1 |
|
|a физика
|
| 610 |
1 |
|
|a механика
|
| 610 |
1 |
|
|a кинематика
|
| 610 |
1 |
|
|a динамика
|
| 610 |
1 |
|
|a теория относительности
|
| 610 |
1 |
|
|a учебные пособия
|
| 675 |
|
|
|a 530.1
|v 3
|
| 675 |
|
|
|a 531(075)
|v 3
|
| 700 |
|
1 |
|a Матвеев
|b А. Н.
|g Алексей Николаевич
|
| 801 |
|
0 |
|a RU
|b 63413507
|c 20011210
|g PSBO
|
| 801 |
|
2 |
|a RU
|b 63413507
|c 20201118
|g PSBO
|
| 900 |
|
|
|a Физика
|
| 942 |
|
|
|c BK
|